Lead To Succeed (Record no. 112896)

MARC details
000 -LEADER
fixed length control field 00279pam a2200133 a 4500
020 ## - INTERNATIONAL STANDARD BOOK NUMBER
Terms of availability
041 ## - LANGUAGE CODE
Language code of original
082 ## - DEWEY DECIMAL CLASSIFICATION NUMBER
Classification number 658
Item number TUR
100 ## - MAIN ENTRY--PERSONAL NAME
Personal name Turner,Colin
245 ## - TITLE STATEMENT
Title Lead To Succeed
Medium Textual Documents
260 ## - PUBLICATION, DISTRIBUTION, ETC.
Place of publication, distribution, etc. New York
Name of publisher, distributor, etc. Texere
Date of publication, distribution, etc. 2002
300 ## - PHYSICAL DESCRIPTION
Extent XX/240
930 ## - EQUIVALENCE OR CROSS-REFERENCE-UNIFORM TITLE HEADING [LOCAL, CANADA]
Uniform title 6068
Holdings
Withdrawn status Lost status Damaged status Not for loan Collection Home library Current library Shelving location Date acquired Source of acquisition Cost, normal purchase price Total Checkouts Full call number Barcode Date last seen Date last checked out Copy number Price effective from Koha item type
          Abhijit Kadam Institute of Management & Social Science, Solapur Abhijit Kadam Institute of Management & Social Science, Solapur   01/08/2010 Bharati Madhyavarti Sahakari Grahakbhandar Limited 717.00 5 658 TUR AKS-M-09559 21/04/2026 11/04/2026 1 01/03/2023 Book